MARC details
| 000 -CABECERA |
| campo de control de longitud fija |
06262cam a2200709 i 4500 |
| 001 - NÚMERO DE CONTROL |
| campo de control |
20705253 |
| 005 - FECHA Y HORA DE LA ÚLTIMA TRANSACCIÓN |
| campo de control |
20250513085556.0 |
| 008 - DATOS DE LONGITUD FIJA--INFORMACIÓN GENERAL |
| campo de control de longitud fija |
181015m20189999caua 6 000 1 eng |
| 010 ## - NÚMERO DE CONTROL DE LA BIBLIOTECA DEL CONGRESO |
| Número de control de LC |
2018045865 |
| 020 ## - NÚMERO INTERNACIONAL ESTÁNDAR DEL LIBRO |
| Número Internacional Estándar del Libro |
9781401289218 |
| 040 ## - FUENTE DE LA CATALOGACIÓN |
| Centro catalogador/agencia de origen |
DLC |
| Lengua de catalogación |
eng |
| Centro/agencia transcriptor |
DLC |
| Normas de descripción |
rda |
| 041 ## - CÓDIGO DE LENGUA |
| Código de lengua del texto/banda sonora o título independiente |
eng |
| 042 ## - CÃDIGO DE AUTENTICACIÃN |
| Código de autenticación |
pcc |
| 050 00 - SIGNATURA TOPOGRÁFICA DE LA BIBLIOTECA DEL CONGRESO |
| Número de clasificación |
PN6728.C699 |
| Número de documento/Ítem |
C75 2018 |
| 245 00 - MENCIÓN DE TÍTULO |
| Título |
Crisis on infinite earths |
| Resto del título |
: companion |
| Mención de responsabilidad, etc. |
/ Marv Wolfman, Roy Thomas, Gerry Conway, Steve Englehart, Doug Moench, Paul Kupperberg, Alan Moore, Robert Loren Fleming, Todd Klein, Gary Cohn, Dan Mishkin, Mindy Newell, writers ; Curt Swan, Arvell Jones, Gerry Acerno, Gene Colan, Stephen Bissette, Ernie Colón, Shawn McManus, pencilers ; Al Dellinges, Tim Burgard, artists ; Karl Kesel, Bill Collins, Mark Farmer, inkers ; Tatjana Wood, Carl Gafford, Michele Wolfman, colourists ; Agustin Mas, Bob Lappan, letterer. |
| 250 ## - MENCIÓN DE EDICIÓN |
| Mención de edición |
Deluxe edition ; |
| Resto de la mención de edición |
vol. 2 |
| 264 #1 - PRODUCCIÓN, PUBLICACIÓN, DISTRIBUCIÓN, FABRICACIÓN Y COPYRIGHT |
| Producción, publicación, distribución, fabricación y copyright |
Burbank, CA : |
| Nombre del de productor, editor, distribuidor, fabricante |
DC Comics, |
| Fecha de producción, publicación, distribución, fabricación o copyright |
2018 |
| 300 ## - DESCRIPCIÓN FÍSICA |
| Extensión |
volumes : |
| Otras características físicas |
chiefly color illustrations ; |
| Dimensiones |
29 cm. |
| 490 ## - MENCIÓN DE SERIE |
| Mención de serie |
Crisis on infinite earths ; |
| Designación de volumen o secuencia |
vol. 2. |
| 500 ## - NOTA GENERAL |
| Nota general |
v. 1: Marv Wolfman, Roy Thomas, Gerry Conway, Steve Englehart, Curt Swan, Arvell Jones, Al Dellinges, Jerry Acerno, Tim Burgard [and others] |
| 500 ## - NOTA GENERAL |
| Nota general |
v. 2: Doug Moench, Gene Colan, Paul Kupperberg, Alan Moore, Stephen R. Bissette, Marv Wolfman, Roy Thomas, Gerry Conway [and others] |
| 500 ## - NOTA GENERAL |
| Nota general |
v. 3: writers, Robert Loren Fleming, Todd Klein, Gary Cohn, Dan Mishkin, Mindy Newell, Alan Moore [and others] ; pencillers, Ernie Colón, Shawn McManus, Alan Kupperberg, [and others] ; inkers, Karl Kesel, Shawn McManus, Bill Collins, Mark Farmer [and others] ; colorists, Tatjana Wood, Carl Gafford, Michele Wolfman [and others] ; letterers, Agustin Mas, Todd Klein, Bob Lappan [and others]. |
| 500 ## - NOTA GENERAL |
| Nota general |
"Firehawk created by Gerry Conway - Firestorm created by Gerry Conway and Al Milgrom - Harbinger created by Marv Wolfman and George Pérez - The Spectre created by Jerry Siegel and Bernard Baily - Superman created by Jerry Siegel and Joe Shuster, by special arrangement with the Jerry Siegel family - Tomahawk created by Joe Samachson - Swamp Thing created by Len Wein and Bernie Wrightson - Infinity Inc. created by Roy Thomas, Mike Machlan and Todd McFarlane - The New Teen Titans created by Marv Wolfman and George Pérez" |
| 500 ## - NOTA GENERAL |
| Nota general |
v. 1: "Originally published in single magazine form in DC COMICS PRESENTS 78, ALL-STAR SQUADRON 50-60, THE FURY OF FIRESTORM 41-42, GREEN LANTERN 194-198."--Title page verso. |
| 500 ## - NOTA GENERAL |
| Nota general |
v. 2: "Originally published in single magazine form in DETECTIVE COMICS 558, DC COMICS PRESENTS 86, SWAMP THING 44, THE LOSERS SPECIAL 1, INFINITY INC. 18-25, INFINITY INC. ANNUAL 1, JUSTICE LEAGUE OF AMERICA 244, 245, THE NEW TEEN TITANS (VOLUME 2) 13, 14, LEGENDS OF THE DC UNIVERSE: CRISIS ON INFINITE EARTHS 1."--Title page verso. |
| 500 ## - NOTA GENERAL |
| Nota general |
v. 3: "Originally published in single magazine form in Amethyst 13, The Omega Men 31, 33, Blue Devil 17, 18, Wonder Woman 327-329, Swamp Thing 46, Legion of Super-Heroes 16, 18, Superman 413-415, DC Comics Presents 87, 88, 94, 95, Justice League of America Annual 3, Superman and Batman: World's Funniest 1."--Title page verso. |
| 520 ## - SUMARIO, ETC. |
| Sumario, etc. |
All the tie-in stories to Marv Wolfman and George Pérez's CRISIS ON INFINITE EARTHS are finally collected in this massive deluxe compendium, CRISIS ON INFINITE EARTHS COMPANION DELUXE EDITION VOL. 1! In 1985, DC Comics dramatically altered comics' original universe with CRISIS ON INFINITE EARTHS, a 12-issue series that rocked the comics community. This landmark graphic novel is one of the most nuanced, sweeping sagas ever told. Now, all the tie-in stories are finally collected in this massive deluxe compendium CRISIS ON INFINITE EARTHS COMPANION DELUXE EDITION VOL. 1! This hardcover edition features all the action that spilled over into numerous comic books from Marv Wolfman and George Perez's unbelievable graphic novel, including tales with the Justice League, Wonder Woman, Green Lantern and the New Teen Titans, as well as cult classic characters like the Omega Men and Firestorm! CRISIS ON INFINITE EARTHS COMPANION DELUXE EDITION VOL. 1 is a must-have for all collectors and fans of the original CRISIS ON INFINITE EARTHS series, as well as any completists who have yet to see many of these stories recollected in print! This graphic novel includes JUSTICE LEAGUE OF AMERICA #244, JUSTICE LEAGUE OF AMERICA ANNUAL #3, GREEN LANTERN #194, WONDER WOMAN #327-328, LOSERS SPECIAL #1, INFINITY INC. 318-20, DC COMICS PRESENTS #87-88, OMEGA MEN #31, BLUE DEVIL #17-18, NEW TEEN TITANS #13-14, ALL-STAR SQUADRON #50-51 and FURY OF FIRESTORM #87. |
| 655 #0 - TÉRMINO DE INDIZACIÓN--GÉNERO/FORMA |
| Datos o término principal de género/forma |
Superhero comics |
| 9 (RLIN) |
23021 |
| 655 #0 - TÉRMINO DE INDIZACIÓN--GÉNERO/FORMA |
| Datos o término principal de género/forma |
Science fiction comic books, strips, etc. |
| 9 (RLIN) |
24499 |
| 655 #0 - TÉRMINO DE INDIZACIÓN--GÉNERO/FORMA |
| Datos o término principal de género/forma |
Comics (Graphic works) |
| 9 (RLIN) |
23020 |
| 655 #0 - TÉRMINO DE INDIZACIÓN--GÉNERO/FORMA |
| Datos o término principal de género/forma |
Graphic novels |
| 9 (RLIN) |
23022 |
| 700 ## - ENTRADA AGREGADA--NOMBRE PERSONAL |
| Nombre de persona |
Wolfman, Marv |
| Término indicativo de función/relación |
writer |
| 9 (RLIN) |
14235 |
| 700 ## - ENTRADA AGREGADA--NOMBRE PERSONAL |
| Nombre de persona |
Thomas, Roy |
| Fechas asociadas al nombre |
1940- |
| Término indicativo de función/relación |
writer |
| 9 (RLIN) |
14236 |
| 700 ## - ENTRADA AGREGADA--NOMBRE PERSONAL |
| Nombre de persona |
Conway, Gerry |
| Término indicativo de función/relación |
writer |
| 9 (RLIN) |
14234 |
| 700 ## - ENTRADA AGREGADA--NOMBRE PERSONAL |
| Nombre de persona |
Englehart, Steve |
| Término indicativo de función/relación |
writer |
| 9 (RLIN) |
25183 |
| 700 ## - ENTRADA AGREGADA--NOMBRE PERSONAL |
| Nombre de persona |
Swan, Curt |
| Término indicativo de función/relación |
penciller |
| 9 (RLIN) |
24789 |
| 700 ## - ENTRADA AGREGADA--NOMBRE PERSONAL |
| Nombre de persona |
Jones, Arvell |
| Término indicativo de función/relación |
penciller |
| 9 (RLIN) |
25184 |
| 700 ## - ENTRADA AGREGADA--NOMBRE PERSONAL |
| Nombre de persona |
Dellinges, Al |
| Término indicativo de función/relación |
artist |
| 9 (RLIN) |
25185 |
| 700 ## - ENTRADA AGREGADA--NOMBRE PERSONAL |
| Nombre de persona |
Acerno, Gerry |
| Término indicativo de función/relación |
penciller |
| 9 (RLIN) |
25186 |
| 700 ## - ENTRADA AGREGADA--NOMBRE PERSONAL |
| Nombre de persona |
Burgard, Tim |
| Término indicativo de función/relación |
artist |
| 9 (RLIN) |
25187 |
| 700 ## - ENTRADA AGREGADA--NOMBRE PERSONAL |
| Nombre de persona |
Moench, Doug |
| Fechas asociadas al nombre |
1948- |
| Término indicativo de función/relación |
writer |
| 9 (RLIN) |
25188 |
| 700 ## - ENTRADA AGREGADA--NOMBRE PERSONAL |
| Nombre de persona |
Colan, Gene |
| Término indicativo de función/relación |
penciller |
| 9 (RLIN) |
25189 |
| 700 ## - ENTRADA AGREGADA--NOMBRE PERSONAL |
| Nombre de persona |
Kupperberg, Paul |
| Término indicativo de función/relación |
writer |
| 9 (RLIN) |
25190 |
| 700 ## - ENTRADA AGREGADA--NOMBRE PERSONAL |
| Nombre de persona |
Moore, Alan |
| Fechas asociadas al nombre |
1953- |
| Término indicativo de función/relación |
writer |
| 9 (RLIN) |
14398 |
| 700 ## - ENTRADA AGREGADA--NOMBRE PERSONAL |
| Nombre de persona |
Bissette, Stephen |
| Término indicativo de función/relación |
penciller |
| 9 (RLIN) |
25191 |
| 700 ## - ENTRADA AGREGADA--NOMBRE PERSONAL |
| Nombre de persona |
Fleming, Robert Loren |
| Término indicativo de función/relación |
writer |
| 9 (RLIN) |
25192 |
| 700 ## - ENTRADA AGREGADA--NOMBRE PERSONAL |
| Nombre de persona |
Klein, Todd |
| Término indicativo de función/relación |
writer |
| -- |
letterer |
| 9 (RLIN) |
14231 |
| 700 ## - ENTRADA AGREGADA--NOMBRE PERSONAL |
| Nombre de persona |
Cohn, Gary |
| Término indicativo de función/relación |
writer |
| 9 (RLIN) |
25193 |
| 700 ## - ENTRADA AGREGADA--NOMBRE PERSONAL |
| Nombre de persona |
Mishkin, Daniel |
| Término indicativo de función/relación |
writer |
| 9 (RLIN) |
25194 |
| 700 ## - ENTRADA AGREGADA--NOMBRE PERSONAL |
| Nombre de persona |
Newell, Mindy |
| Término indicativo de función/relación |
writer. |
| 9 (RLIN) |
25195 |
| 700 ## - ENTRADA AGREGADA--NOMBRE PERSONAL |
| Nombre de persona |
Colón, Ernie |
| Término indicativo de función/relación |
penciller |
| 9 (RLIN) |
25196 |
| 700 ## - ENTRADA AGREGADA--NOMBRE PERSONAL |
| Nombre de persona |
McManus, Shawn |
| Término indicativo de función/relación |
penciller |
| -- |
inker |
| 9 (RLIN) |
25197 |
| 700 ## - ENTRADA AGREGADA--NOMBRE PERSONAL |
| Nombre de persona |
Kesel, Karl |
| Término indicativo de función/relación |
inker |
| 9 (RLIN) |
24462 |
| 700 ## - ENTRADA AGREGADA--NOMBRE PERSONAL |
| Nombre de persona |
Collins, Bill |
| Término indicativo de función/relación |
inker |
| 9 (RLIN) |
25198 |
| 700 ## - ENTRADA AGREGADA--NOMBRE PERSONAL |
| Nombre de persona |
Farmer, Mark |
| Término indicativo de función/relación |
inker |
| 9 (RLIN) |
24801 |
| 700 ## - ENTRADA AGREGADA--NOMBRE PERSONAL |
| Nombre de persona |
Wood, Tatjana |
| Término indicativo de función/relación |
colourist |
| 9 (RLIN) |
25199 |
| 700 ## - ENTRADA AGREGADA--NOMBRE PERSONAL |
| Nombre de persona |
Gafford, Carl |
| Término indicativo de función/relación |
colourist |
| 9 (RLIN) |
25201 |
| 700 ## - ENTRADA AGREGADA--NOMBRE PERSONAL |
| Nombre de persona |
Wolfman, Michele |
| Término indicativo de función/relación |
colourist |
| 9 (RLIN) |
25202 |
| 700 ## - ENTRADA AGREGADA--NOMBRE PERSONAL |
| Nombre de persona |
Mas, Agustin |
| Término indicativo de función/relación |
letterer |
| 9 (RLIN) |
25203 |
| 700 ## - ENTRADA AGREGADA--NOMBRE PERSONAL |
| Nombre de persona |
Lappan, Bob |
| Término indicativo de función/relación |
letterer |
| 9 (RLIN) |
25204 |
| 942 ## - ELEMENTOS DE ENTRADA AGREGADA (KOHA) |
| Fuente del sistema de clasificación o colocación |
Clasificación de Library of Congress |